Pillerovci v Šarišskej stolici po významnom rode sa zachovali niektoré technické pamiatky

Bibliographic Details
Format: Article
Language:Slovak
PhysicalDescription:Fotogr.
ISSN:1336-4030
Subjects:
Online Access:www.vecernik.po.sk

MARC

LEADER 00000nab a2200000 a 4500
001 vtls008887095
003 SK-MaSNL
005 20260305041409.0
008 061130c20060925xo dr n 000 00slo
015 |a SNBRB2006/11SVKPO 
038 |a SVKPOCL 
040 |a SVKPOCL  |b slo  |c AACR2  |e AACR2 
041 |a slo 
044 |a xo  |c SK 
080 |a 908(437.671)  |2 2001 
080 |a 929 Pillerovci  |2 2001 
245 0 0 |a Pillerovci v Šarišskej stolici  |b po významnom rode sa zachovali niektoré technické pamiatky  |c Štefan Staviarsky 
300 |a Fotogr. 
500 |a V rubrike Oprášená história 
600 1 7 |a Pillerovci (rod)  |2 svkpocl  |9 1539321 
650 0 7 |a pamiatky  |2 svkpocl  |9 3808 
651 7 |a Prešov (Slovensko : okres)  |2 svkpocl  |9 28797 
651 7 |a Mirkovce (Slovensko)  |2 svkpocl  |9 57208 
651 7 |a Ruské Pekľany (Ľubovec, Slovensko)  |2 svkpocl  |9 52000 
773 0 |t Prešovský večerník  |g Roč. XVII, č. 4045 (25.9.2006), s. 15  |x 1336-4030 
852 |a SVKPO  |b KIS3GCP 
856 4 1 |u www.vecernik.po.sk 
958 |a RG 
999 |c 3343509  |d 3345439